000
00326nam a22001337a 4500
003
SGT
020
_a
9788126730865
082
_a
080
_b
D18V
100
_a
वर्मा, महेश
245
_a
धूल की जगह
260
_b
राजकमल प्रकाशन
_c
2018
300
_a
248
942
_2
ddc
_c
BK
999
_c
31507
_d
31507